Вып. 4; Исследования пространственных конструкций

Dades bibliogràfiques
Parent link:Исследования пространственных конструкций: межвузовский сборник научных трудов/ Уральский политехнический институт им. С. М. Кирова. Вып. 4.— , 1977-1987
Idioma:rus
Publicat: 1983
Matèries:
Format: MixedMaterials Llibre
KOHA link:https://koha.lib.tpu.ru/cgi-bin/koha/opac-detail.pl?biblionumber=283865

MARC

LEADER 00000nam2a2200000 4500
001 283865
005 20231031233523.0
035 |a (RuTPU)RU\TPU\book\308002 
035 |a RU\TPU\book\280612 
090 |a 283865 
100 |a 20150211d1983 k y0rusy50 ca 
101 0 |a rus 
102 |a RU 
105 |a a z 001zy 
200 0 |a Вып. 4 
210 |d 1983 
215 |a 148 с.  |c ил. 
320 |a Библиогр. в конце ст. 
461 1 |0 (RuTPU)RU\TPU\book\296036  |t Исследования пространственных конструкций  |o межвузовский сборник научных трудов  |f Уральский политехнический институт им. С. М. Кирова  |v Вып. 4  |d 1977-1987 
606 1 |a Пространственные конструкции  |2 stltpush  |3 (RuTPU)RU\TPU\subj\52794 
610 1 |a исследования 
610 1 |a строительная механика 
610 1 |a строительные конструкции 
610 1 |a оболочки вращения 
610 1 |a расчет 
610 1 |a линейная ползучесть 
610 1 |a выпучивание 
610 1 |a пластины 
610 1 |a нелинейные колебания 
610 1 |a железобетонные плиты 
610 1 |a предельное равновесие 
610 1 |a фундаменты 
675 |a 624.04  |v 4 
801 1 |a RU  |b 63413507  |c 20140419 
801 2 |a RU  |b 63413507  |c 20171005  |g RCR 
942 |c BK